| 000 -LEADER |
| fixed length control field |
00687nam a2200241Ia 4500 |
| 001 - CONTROL NUMBER |
| control field |
3019 |
| 003 - CONTROL NUMBER IDENTIFIER |
| control field |
GE_BSU |
| 008 - FIXED-LENGTH DATA ELEMENTS--GENERAL INFORMATION |
| fixed length control field |
181216s||||||||xx |||||||||||||| ||und|| |
| 020 ## - INTERNATIONAL STANDARD BOOK NUMBER |
| International Standard Book Number |
5851731079 |
| 040 ## - CATALOGING SOURCE |
| Transcribing agency |
GE_BSU |
| 080 ## - UNIVERSAL DECIMAL CLASSIFICATION NUMBER |
| Universal Decimal Classification number |
330.101(075.8) |
| 100 ## - MAIN ENTRY--PERSONAL NAME |
| Personal name |
Протас В.Ф. |
| 245 ## - TITLE STATEMENT |
| Title |
Макроэкономика. Структурно-логические схемы |
| 245 ## - TITLE STATEMENT |
| Remainder of title |
Учебное пособие для вузов |
| 245 ## - TITLE STATEMENT |
| Statement of responsibility, etc. |
гл. ред. изд-ва Н. Д. Эриашвили |
| 260 ## - PUBLICATION, DISTRIBUTION, ETC. |
| Place of publication, distribution, etc. |
Москва |
| 260 ## - PUBLICATION, DISTRIBUTION, ETC. |
| Name of publisher, distributor, etc. |
ЮНИТИ |
| 260 ## - PUBLICATION, DISTRIBUTION, ETC. |
| Date of publication, distribution, etc. |
1997 |
| 300 ## - PHYSICAL DESCRIPTION |
| Extent |
271 с. |
| 653 ## - INDEX TERM--UNCONTROLLED |
| Uncontrolled term |
Макроэкономика |
| 942 ## - ADDED ENTRY ELEMENTS (KOHA) |
| Koha item type |
წიგნი |